Data Visualization with Microsoft Power BI (Record no. 13514)
[ view plain ]
| 000 -LEADER | |
|---|---|
| fixed length control field | 00439nam a22001817a 4500 |
| 003 - CONTROL NUMBER IDENTIFIER | |
| control field | OSt |
| 008 - FIXED-LENGTH DATA ELEMENTS--GENERAL INFORMATION | |
| fixed length control field | 250505b |||||||| |||| 00| 0 eng d |
| 020 ## - INTERNATIONAL STANDARD BOOK NUMBER | |
| International Standard Book Number | 9789355428929 |
| 082 ## - DEWEY DECIMAL CLASSIFICATION NUMBER | |
| Classification number | 005.368 KOD |
| 100 ## - MAIN ENTRY--PERSONAL NAME | |
| Personal name | KOLOKOLOV,Alex |
| 245 ## - TITLE STATEMENT | |
| Title | Data Visualization with Microsoft Power BI |
| 250 ## - EDITION STATEMENT | |
| Edition statement | 1st Ed |
| 260 ## - PUBLICATION, DISTRIBUTION, ETC. (IMPRINT) | |
| Place of publication, distribution, etc | Mumbai |
| Name of publisher, distributor, etc | SPD |
| Date of publication, distribution, etc | 2024 |
| 300 ## - PHYSICAL DESCRIPTION | |
| Extent | 397 |
| 650 ## - SUBJECT ADDED ENTRY--TOPICAL TERM | |
| Topical term or geographic name as entry element | Data Visualization |
| 700 ## - ADDED ENTRY--PERSONAL NAME | |
| Personal name | ZELENSKY,Maxim |
| 942 ## - ADDED ENTRY ELEMENTS (KOHA) | |
| Source of classification or shelving scheme | Dewey Decimal Classification |
| Koha item type | Text Books |
| Withdrawn status | Lost status | Source of classification or shelving scheme | Damaged status | Not for loan | Collection code | Home library | Current library | Date acquired | Source of acquisition | Currency | Cost, normal purchase price | Bill Number | Total Checkouts | Full call number | Acc. no. / Barcode | Date last seen | Actual Cost, discounted price | Bill Date | Koha item type |
|---|---|---|---|---|---|---|---|---|---|---|---|---|---|---|---|---|---|---|---|
| Dewey Decimal Classification | B.Tech(IT) | PIET C-LIBRARY | PIET C-LIBRARY | 02/05/2025 | Zaffa Books | INR | 2500.00 | ZBD0094 | 005.368 KOD | 39579 | 05/05/2025 | 1875.00 | 02/05/2025 | Reference Books | |||||
| Dewey Decimal Classification | B.Tech(IT) | PIET C-LIBRARY | PIET C-LIBRARY | 02/05/2025 | Zaffa Books | INR | 2500.00 | ZBD0094 | 005.368 KOD | 39580 | 05/05/2025 | 1875.00 | 02/05/2025 | Text Books | |||||
| Dewey Decimal Classification | B.Tech(IT) | PIET C-LIBRARY | PIET C-LIBRARY | 02/05/2025 | Zaffa Books | INR | 2500.00 | ZBD0094 | 005.368 KOD | 39581 | 05/05/2025 | 1875.00 | 02/05/2025 | Text Books | |||||
| Dewey Decimal Classification | B.Tech(IT) | PIET C-LIBRARY | PIET C-LIBRARY | 02/05/2025 | Zaffa Books | INR | 2500.00 | ZBD0094 | 005.368 KOD | 39582 | 05/05/2025 | 1875.00 | 02/05/2025 | Text Books | |||||
| Dewey Decimal Classification | B.Tech(IT) | PIET C-LIBRARY | PIET C-LIBRARY | 02/05/2025 | Zaffa Books | INR | 2500.00 | ZBD0094 | 005.368 KOD | 39583 | 05/05/2025 | 1875.00 | 02/05/2025 | Text Books |